00227nam a2200085Ia 4500008004100000100004300041245002100084260002800105300000800133190216s9999||||xx |||||||||||||| ||und|| aRobert L Boylestad And Louis Nashelsky 0aLangauge Testing bLondon & New Yorkc1975 a389